Solid state electronic devices

Salvato in:
Dettagli Bibliografici
Autori principali: Streetman, Ben G (Autore), Banerjee, Sanjay Kumar (Autore)
Natura: Libro
Lingua:inglese
Pubblicazione: Upper Saddle River Pearson Education 2006
Edizione:6a. ed
Soggetti:
Tags: Aggiungi Tag
Nessun Tag, puoi essere il primo ad aggiungerne!!

MARC

LEADER 00000cam a2200000 a 4500
001 UCH5133
003 CL-VaPUC
008 090924e20060000us |||||||||||||||||eng|d
020 |a 013149726X 
082 0 4 |a 621.381  |b STR  |2 21 
100 0 |a Streetman, Ben G  |e author  |9 541295 
700 0 |a Banerjee, Sanjay Kumar  |e author  |9 541296 
245 1 0 |a Solid state electronic devices 
250 |a 6a. ed 
300 |a 581 p 
942 |c BK 
945 |d 20090924 00:00:00  |a cmena 
260 |a Upper Saddle River  |b Pearson Education  |c 2006 
650 7 |a DISPOSITIVOS SEMICONDUCTORES  |2 CL-VaPUC  |9 361201 
650 7 |a ELECTRONES  |2 CL-VaPUC  |9 322158 
650 0 |a Conductores eléctricos  |9 263132 
650 0 |a Diodos  |9 260678 
650 0 |a Semiconductores  |9 260250 
650 0 |a Ondas de radio  |9 263255 
650 0 |a Circuitos integrados   |9 260673 
650 0 |a Transistores  |9 260330 
583 |a last modification  |c 20140115 01:34:23  |k Rodrigo Vera 
999 |c 336324  |d 336322 
952 |0 0  |1 0  |4 0  |6 621_381000000000000_STR_2006  |7 0  |8 A  |9 427475  |a BIBING  |b BIBING  |d 2019-11-22  |i 4604016  |o 621.381 STR 2006  |p 4604016  |r 2025-01-20  |w 2019-11-22  |y BK  |k EIE 
952 |0 0  |1 0  |3 erd  |4 0  |6 621_381000000000000_STR_2006  |7 0  |8 A  |9 427476  |a BIBING  |b BIBING  |i 505172K  |l 1  |o 621.381 STR 2006  |p 505172K  |q 2025-03-03  |r 2025-01-27  |s 2025-01-27  |w 2019-11-22  |y BK  |z Catalogado en:20140116  |k EIE